Jeff Goldblum Movies - Statistics

General Stats
  • This quiz has been taken 31 times
    10 since last reset
  • The average score is 30 of 93
Answer Stats
Year Movie % Correct
1993 Jurassic Park
100%
2022 Jurassic World: Dominion
100%
2018 Jurassic World: Fallen Kingdom
100%
1997 The Lost World: Jurassic Park
100%
2024 Wicked: Part One
100%
2025 Wicked: Part Two
100%
1996 Independence Day
83%
2022 Thor: Love and Thunder
83%
2017 Thor: Ragnarok
83%
1974 Death Wish
67%
1988 Earth Girls Are Easy
67%
2016 Independence Day: Resurgence
67%
1986 The Fly
67%
1992 Deep Cover
50%
1985 Into The Night
50%
1978 Invasion of the Body Snatchers
50%
2018 Isle of Dogs
50%
2021 The Boss Baby: Family Business
50%
1989 The Tall Guy
50%
1988 Vibes
50%
1977 Annie Hall
33%
2023 Asteroid City
33%
1977 Between The Lines
33%
1974 California Split
33%
2001 Cats And Dogs
33%
2017 Guardians of The Galaxy Vol. 2
33%
1995 Hideaway
33%
2018 Hotel Artemis
33%
2015 Mortdecai
33%
1975 Nashville
33%
1976 Next Stop, Greenwich Village
33%
1995 Powder
33%
1985 Silverado
33%
1976 St. Ives
33%
1984 The Adventures of Buckaroo Banzai Across the 8th Dimension
33%
1983 The Big Chill
33%
2014 The Grand Budapest Hotel
33%
1996 The Great White Hype
33%
2004 The Life Aquatic with Steve Zissou
33%
2018 The Mountain
33%
1992 The Player
33%
1998 The Prince of Egypt
33%
1977 The Sentinel
33%
1985 Transylvania 6-5000
33%
2008 Adam Resurrected
17%
2000 Auggie Rose
17%
2021 Beauty and the Beast: A Comic Relief Pantomime for Christmas
17%
1987 Beyond Therapy
17%
2000 Chain of Fools
17%
2003 Dallas 362
17%
1984 Ernie Kovacs: Between the Laughter
17%
1992 Fathers and Sons
17%
2006 Fay Grim
17%
1990 Framed
17%
1998 Holy Man
17%
2002 Igby Goes Down
17%
2013 Le Week-end
17%
1993 Lush Life
17%
1996 Mad Dog Time
17%
2006 Man of the Year
17%
2006 Mini's First Time
17%
1990 Mister Frost
17%
2010 Morning Glory
17%
1995 Nine Months
17%
2000 One of the Hollywood Ten
17%
2001 Perfume
17%
1982 Rehearsal for Murder
17%
1978 Remember My Name
17%
2002 Robbie the Reindeer in Legend of the Lost Tribe
17%
2002 Run Ronnie Run
17%
1992 Shooting Elizabeth
17%
1976 Special Delivery
17%
2003 Spinning Boris
17%
1978 Thank God It's Friday
17%
1991 The Favour, the Watch and the Very Big Fish
17%
1980 The Legend of Sleepy Hollow
17%
TBD The Liar
17%
2025 The Phoenician Scheme
17%
1983 The Right Stuff
17%
2010 The Switch
17%
2023 They Shot the Piano Player
17%
1981 Threshold
17%
2012 Tim And Eric's Billion Dollar Movie
17%
2017 Tour de Pharmacy
17%
1989 Twisted Obsession
17%
2003 War Stories
17%
1998 Welcome To Hollywood
17%
2012 Adventures in Zambezia
0%
2012 Dust Up
0%
1996 Little Suprises
0%
2013 Susan 313
0%
TBD The Price of Admission
0%
TBD Untitled Tim Long Project
0%
No matching quizzes found
Score Distribution
Percent of People with Each Score
Percentile by Number Answered
Your Score History
You have not taken this quiz since the last reset